Les joueurs de l'UBB sous Yannick Bru - Statistiques

Statistiques générales
  • Ce quiz a été pris 38 fois
    17 depuis la dernière actualisation
  • Le résultat moyen est 32 sur 78
Statistiques - réponses
Poste Joueurs Nb de matches Nationalité % Correct
Pilier Ben Tameifuna 67 Tonga
100%
Ailier Damian Penaud 66 France
100%
Ailier Louis Bielle-Biarrey 62 France
100%
Mêlée Maxime Lucu 67 France
100%
Ouverture Matthieu Jalibert 63 France
93%
Talon Maxime Lamothe 85 France
93%
Centre Yoram Moefana 59 France
93%
Pilier Jefferson Poirot 74 France
86%
Arrière Romain Buros 64 France
86%
Troisième ligne Cameron Woki 26 France
79%
Talon Connor Sa 36 France
79%
Troisième ligne Marko Gazzotti 62 France
79%
Troisième ligne Pierre Bochaton 56 France
79%
Deuxième ligne Adam Coleman 51 Tonga
71%
Centre Pablo Uberti 73 France
71%
Ailier Salesi Rayasi 24 Fidji
71%
Ailier Arthur Retière 45 France
64%
Troisième ligne Bastien Vergnes-Taillefer 77 France
64%
Pilier Carlü Sadie 66 Afrique du sud
64%
Deuxième ligne Cyril Cazeaux 63 France
64%
Pilier Matis Perchaud 44 France
64%
Centre Nicolas Depoortère 66 France
64%
Talon Gaetan Barlot 20 France
57%
Ouverture Hugo Reus 6 France
57%
Ouverture Joey Carbery 36 Irlande
57%
Centre Rohan Janse Van Rensburg 45 Afrique du sud
50%
Troisième ligne Temo Matiu 46 France
50%
Mêlée Valentin Hutteau 11 France
50%
Deuxième ligne Boris Palu 29 France
43%
Troisième ligne Jean-Luc Du Preez 3 Afrique du sud
43%
Ouverture Joseph Laharrague 11 France
43%
Troisième ligne Lachlan Swinton 14 Australie
43%
Ailier Madosh Tambwe 21 Afrique du sud
43%
Pilier Ugo Boniface 62 France
43%
Arrière Jon Echegaray 11 France
36%
Deuxième ligne Jonny Gray 34 Écosse
36%
Mêlée Martin Page-Relo 12 Italie
36%
Ouverture Matéo Garcia 31 France
36%
Arrière Nans Ducuing 16 France
36%
Deuxième ligne Thomas Jolmès 12 France
36%
Troisième ligne Tiaan Jacobs 22 Afrique du sud
36%
Ailier Xan Mousquès 15 France
36%
Deuxième ligne Adam Zapedowski 2 Pologne
29%
Centre Adrien Drault 5 France
29%
Centre Gabriel Bohn 1 France
29%
Deuxième ligne Guido Petti 46 Argentine
29%
Troisième ligne Pete Samu 45 Australie
29%
Pilier Sipili Falatea 38 France
29%
Mêlée Yann Lesgourgues 28 France
29%
Talon Clément Maynadier 20 France
21%
Troisième ligne Romain Gardrat 6 France
21%
Talon Romain Latterade 37 France
21%
Troisième ligne Tevita Tatafu 46 Japon
21%
Pilier Toma'Akino Taufa 29 Tonga
21%
Ouverture Zack Holmes 12 Australie
21%
Centre Ben Tapuai 36 Australien
14%
Talon Christian Everitt 2 Afrique du sud
14%
Ailier Enzo Reybier 9 France
14%
Deuxième ligne Jacques Nguimbous 3 France
14%
Pilier Lesko Kaulashvili 14 Géorgie
14%
Troisième ligne Mahamadou Diaby 48 France
14%
Mêlée Paul Abadie 26 France
14%
Pilier Zaccharie Affane 5 France
14%
Pilier Zinédine Aouad 1 France
14%
Deuxième ligne Alexandre Ricard 27 France
7%
Troisième ligne Antoine Miquel 18 France
7%
Troisième ligne Bobby Bissu 1 France
7%
Pilier Christopher Vaotoa 2 France
7%
Troisième ligne Elyjah Ibsaiene 1 France
7%
Deuxième ligne Jandré Marais 2 Afrique du sud
7%
Centre Jean-Baptiste Dubié 1 France
7%
Deuxième ligne Kane Douglas 26 Australie
7%
Centre Tani Vili 5 France
7%
Mêlée Théo Nanette 10 France
7%
Pilier Vadim Cobîlas 1 Moldavie
7%
Pilier Louis Mary 2 France
0%
Arrière Mael Moustin 5 France
0%
Pilier Yahnis El Maslouhi 2 France
0%
Aucun quiz correspondant
Distribution des résultats
% des personnes avec chaque résultat
Percentile par nombre de réponses
Votre historique - résultats
Vous n’avez pas pris ce quiz depuis la dernière actualisation